Elaboració de documents administratius : manual de consulta / [text: Núria Altés Juan i Xavier Pejó Orellana] manual de consulta / [text:
Descripción Física:
138 p. ; 30 cm
Otros Autores:
Pejó Orellana, Xavier
MARC
| LEADER | 00000nam a2200000Ia 4500 | ||
|---|---|---|---|
| 001 | 19413 | ||
| 008 | 160829s2007 xx 000 0 cat d | ||
| 080 | |a M-5-448 | ||
| 100 | |a Altés Juan, Núria |9 23638 | ||
| 245 | |a Elaboració de documents administratius : |b manual de consulta / [text: |b Núria Altés Juan i Xavier Pejó Orellana] | ||
| 250 | |a 2a ed., act. | ||
| 260 | |a Barcelona : |b Diputació de Barcelona. Servei de Formació Local, |c 2007 | ||
| 300 | |a 138 p. ; |c 30 cm | ||
| 590 | |a Bibliografia. | ||
| 590 | |a Inclou recull alfabètic de termes i expressions administratives i esquemes de documentació administrativa | ||
| 650 | |a Documents públics |9 27111 | ||
| 650 | |a Formularis administratius |9 27526 | ||
| 650 | |a Català administratiu |9 23641 | ||
| 700 | |a Pejó Orellana, Xavier |9 23642 | ||
| 710 | |a Barcelona (Catalunya : Província). |b Servei de Formació Local |9 53659 | ||
| 901 | |a Arxiu | ||
| 942 | |n 1 | ||
| 952 | |0 0 |1 0 |4 0 |6 M5448 |7 1 |9 52983 |a Arxiu |b Arxiu |d 2016-12-01 |l 0 |o M-5-448 |p 19413 |r 2016-12-01 00:00:00 |w 2016-12-01 |y ARXIU | ||
| 999 | |c 56832 |d 56832 | ||